00528nam a2200181 a 45000010010000000030011000100080041000210350026000620820018000881000020001062450037001262600037001636500008002009420012002089520091002209980020003119990015003310000-8510ELIB.Books110520 1996  a(ELIB.Books)0000-8655 a231.044 bLee aLee, Jung Young aThe Trinity in Asian Perspective bNashville: Abingdon Press c1996 aGod 2ddccBK 00102ddc4070aKBTSbKBTSd2011-05-20l0p12806r2022-01-22 00:00:00w2022-01-22yBK cbate2011-05-20 c8510d8510